| 000 | 00876cam a2200193 a 4500 | ||
|---|---|---|---|
| 001 | 000002386 | ||
| 005 | 20200929150206.0 | ||
| 008 | 760219s1967 it a 000 0 ita d | ||
| 040 |
_aDO-SdBNP _bspa _dBNPHU |
||
| 082 |
_axx _bG423g |
||
| 100 | 1 |
_aGhidiglia Quintavalle, Augusta. _97579 |
|
| 245 | 1 | 3 |
_aLa galleria Estense di modena / _cAugusta Ghidiglia Quintavalle. |
| 260 |
_aRoma : _bIstituto Poligrafico dello Stato, Libreria, _c1967. |
||
| 300 |
_a85 p. : _bil. ; _c19cm. |
||
| 490 | 1 |
_aMinistero della Pubblica Istruzione. Direzione Generale delle Antichità e belle Arti. Itinerari dei musei gallerie e monumenti d'Italia, _v25 |
|
| 500 | _a"102 ilustraciones". | ||
| 610 | 2 | 0 |
_aGalleria estense di Modena. _97580 |
| 830 | 0 |
_aMinistero della Pubblica Istruzione. Direzione Generale delle Antichità e belle Arti. Itinerari dei musei gallerie e monumenti d'Italia, _v25 _97581 |
|
| 999 |
_c2226 _d2226 |
||